000 00668nam a2200205 a 4500
001 000026560
005 20240412074252.0
008 110323s2004 dr 000 0 spa d
040 _aDO-SdBNP
_bspa
_cBNPHU
082 _aRD863.44
_bZ88d
100 1 _aZorrilla, Rómulo,
_d1959-
_953664
245 1 0 _aDeseo de Cristal :
_bcuentos /
_cRómulo Zorrilla.
260 _aSanto Domingo :
_bCocolo,
_c2004.
300 _a67 p. ;
_c22 cm.
500 _aIncluye datos biográficos del autor en la contracubierta.
590 _aInventariado, 2020/VM
650 0 _aCuentos dominicanos
_9176
650 0 _aLiteratura dominicana.
_967
910 _aValidado. Control de calidad EMS.
999 _c26052
_d26052